Music Quiz

Random Music or Lyrics Quiz

Someone Like You Lyrics Quiz Stats

 Plays Quiz Updated Jan 4, 2019

Challenge
Share
Tweet
Embed
Score 0/175 Timer 08:00
37 Plays Today
% Correct
you
99.3%
you
99.3%
you.
99.3%
you
99.3%
you
99.3%
you.
99.3%
you
99.3%
you
99.3%
You
99.3%
I
99.2%
I
99.2%
I
99.2%
[Chorus 1 start] I
99.2%
I
99.2%
I
99.2%
I
99.2%
I
99.2%
I
99.2%
like
96.9%
like
96.9%
someone
95.5%
so
95.1%
me
94.6%
me,'
94.6%
the
94.5%
the
94.5%
the
94.5%
the
94.5%
the
94.5%
the
94.5%
a
94.3%
a
94.3%
No
93.1%
for
91.7%
for
91.7%
to
91.1%
to
91.1%
to
91.1%
be
90.7%
But
90.7%
but
90.7%
but
90.7%
and
90.1%
and
90.1%
and
90.1%
and
90.1%
that
89.1%
That
89.1%
that
89.1%
that
89.1%
That
89.1%
it.
88.7%
it
88.7%
it
88.7%
it
88.7%
it
88.7%
find
87.5%
best
87.4%
Nothing
87.1%
% Correct
[Chorus 2 start] Never
87.1%
your
87.1%
nothing
86.9%
wish
86.8%
heard
86.2%
heard
86.2%
in
85.3%
In
85.3%
I'll
84.9%
'I'll
84.9%
'Don't
84.3%
love,
84.2%
found
84%
girl,
83.8%
now.
83.4%
married
82.9%
down
82.5%
forget
82.4%
mind,
82.3%
say.
82.1%
you're
81.1%
you're
81.1%
remember,'
81.1%
settled
81%
came
80.3%
true.
79.8%
dreams
79.7%
Sometimes
79.3%
sometimes
79.3%
of
79%
of
79%
of
79%
she
78.3%
hurts
78.2%
two.
77.1%
couldn't
77%
couldn't
77%
instead. [Chorus 2 end]
76.5%
give
75.8%
gave
74.8%
are
74%
things
73.5%
over. [Chorus 1 end]
72.5%
why
72%
out
71.6%
stay
71.2%
blue
71.1%
isn't.
70.9%
lasts
70.8%
see
70.6%
away,
70.3%
hate
70.1%
uninvited,
69.9%
know
69.6%
up
69.5%
fight
69.5%
We
69.3%
my
68.8%
didn't
68.3%
% Correct
friend,
68.1%
shy?
66.8%
turn
66.5%
face
66.4%
had
66.2%
Guess
65.9%
you'd
65.9%
you'd
65.9%
from
65.9%
Old
65.8%
beg.
65.5%
or
65.4%
how
65.2%
or
65.2%
time
65.1%
time
65.1%
how
64.9%
was
64.9%
our
64.3%
our
64.3%
reminded
64%
hoped
63.9%
hide
63.4%
were
63%
back
62.3%
lives.
61.4%
hold
61.1%
Ain't
59.7%
light.
59.2%
would
58.6%
would
58.4%
born
58.4%
summer
58.2%
flies.
58.1%
yesterday
57.6%
have
57.5%
raised
57.5%
days. [Chorus 1+2 repeat]
57.2%
haze
56.9%
Only
56.4%
glory
56%
by
56%
this
52.2%
Who
51.1%
memories
50.4%
Bound
50.3%
worries
50.2%
compares,
49.7%
Regrets
48.6%
made.
48.2%
mistakes:
48.1%
bittersweet
47%
cares,
46.6%
known
46.4%
taste? [Chorus 2 repeated twice]
45.9%
surprise
45.4%
They're
41.2%

You're not logged in!

Compare scores with friends on all Sporcle quizzes.
OR
Log In

You Might Also Like...

Show Comments

Extras

Top Quizzes Today


Score Distribution

Your Account Isn't Verified!

In order to create a playlist on Sporcle, you need to verify the email address you used during registration. Go to your Sporcle Settings to finish the process.

Report this User

Report this user for behavior that violates our Community Guidelines.

Details: